[Event "GER-ch Net Amateur Gr-A Vor3"]
[Site "Playchess.com INT"]
[Date "2020.04.16"]
[Round "4"]
[White "Roettig, Hans Peter"]
[Black "Binding, Andreas"]
[Result "1/2-1/2"]
[WhiteElo "1814"]
[BlackElo "2082"]
[PlyCount "89"]
[EventDate "2020.04.16"]
[EventType "swiss (blitz)"]
[EventRounds "9"]
[EventCountry "GER"]
[SourceTitle "CBM 195 Extra"]
[Source "ChessBase"]
[SourceDate "2020.05.31"]
[SourceVersion "1"]
[SourceVersionDate "2020.05.31"]
[SourceQuality "1"]

1. e4 c5 2. d4 cxd4 3. c3 d3 4. Bxd3 d6 5. c4 e6 6. Nc3 Nf6 7. Nf3 Be7 8. 0-0 0-0 9. Bf4 Nc6 10. h3 a6 11. Rc1 b6 12. b3 Bb7 13. Qe2 Nb4 14. Bb1 d5 15. Rfd1 Nh5 16. Bh2 Bg5 17. Nxg5 Qxg5 18. a3 d4 19. axb4 dxc3 20. Rxc3 Nf4 21. Bxf4 Qxf4 22. Qe3 Qf6 23. Rcd3 b5 24. c5 Rad8 25. Rxd8 Rxd8 26. Rxd8+ Qxd8 27. Qd3 Qg5 28. f4 Qh4 29. g3 Qe7 30. e5 g6 31. Qd6 Qe8 32. Kf2 Bd5 33. Bc2 Qa8 34. Ke2 Bh1 35. Kd2 Qg2+ 36. Kc1 Qxg3 37. Qd8+ Kg7 38. Qf6+ Kh6 39. Qxf7 Qg1+ 40. Kb2 Qd4+ 41. Kc1 Qa1+ 42. Kd2 Qd4+ 43. Kc1 Qa1+ 44. Kd2 Qd4+ 45. Kc1 1/2-1/2

[Event "GER-ch Net Amateur Gr-A Vor2"]
[Site "Playchess.com INT"]
[Date "2020.04.15"]
[Round "4"]
[White "Binding, Andreas"]
[Black "Boder, Jan"]
[Result "1-0"]
[WhiteElo "2179"]
[BlackElo "1932"]
[PlyCount "77"]
[EventDate "2020.04.15"]
[EventType "swiss (blitz)"]
[EventRounds "9"]
[EventCountry "GER"]
[SourceTitle "CBM 196 Extra"]
[Source "ChessBase"]
[SourceDate "2020.07.31"]
[SourceVersion "1"]
[SourceVersionDate "2020.07.31"]
[SourceQuality "1"]

1. d4 Nf6 2. Nf3 c5 3. e3 g6 4. Be2 Bg7 5. 0-0 0-0 6. c4 cxd4 7. exd4 d5 8. b3 Nc6 9. Bb2 Bf5 10. Nc3 Rc8 11. Qd2 Ne4 12. Qe3 Nxc3 13. Bxc3 e6 14. Rfd1 Qd7 15. Ne5 Nxe5 16. dxe5 Qc6 17. Bf3 Rfd8 18. Rac1 Be4 19. Bxe4 dxe4 20. Qxa7 Ra8 21. Qe3 h6 22. a4 b6 23. h3 g5 24. Qe2 Bf8 25. Rxd8 Rxd8 26. Rd1 Rxd1+ 27. Qxd1 Kg7 28. Qd2 Kg6 29. Qe3 Bc5 30. Bd4 Bb4 31. Bxb6 Qd7 32. Bd4 Qb7 33. g4 Be7 34. Kg2 Qb4 35. Qxe4+ Kg7 36. Qe3 Qb7+ 37. Qf3 Qb4 38. Kg3 Qb7 39. Qxb7 1-0

[Event "GER-ch Net Amateur Gr-A Vor2"]
[Site "Playchess.com INT"]
[Date "2020.04.15"]
[Round "6"]
[White "Binding, Andreas"]
[Black "Woelk, Tom Frederic"]
[Result "0-1"]
[WhiteElo "2194"]
[BlackElo "2022"]
[PlyCount "144"]
[EventDate "2020.04.15"]
[EventType "swiss (blitz)"]
[EventRounds "9"]
[EventCountry "GER"]
[SourceTitle "CBM 196 Extra"]
[Source "ChessBase"]
[SourceDate "2020.07.31"]
[SourceVersion "1"]
[SourceVersionDate "2020.07.31"]
[SourceQuality "1"]

1. d4 Nf6 2. Nf3 e6 3. c4 c5 4. e3 cxd4 5. exd4 d5 6. Be2 Be7 7. 0-0 0-0 8. Nc3 b6 9. Be3 Bb7 10. h3 Nbd7 11. Rc1 Rc8 12. b3 dxc4 13. Bxc4 Ne4 14. Nxe4 Bxe4 15. Qe2 Nf6 16. Ba6 Rxc1 17. Rxc1 Qd5 18. Rc7 Bd6 19. Rxa7 Bb8 20. Bb7 Qh5 21. Bxe4 Bxa7 22. Bd3 Nd5 23. Bd2 Bb8 24. Qe4 Qg6 25. Qe2 Qh5 26. Qe4 Nf6 27. Qc6 Nd5 28. Qb5 Bf4 29. Bb4 Rc8 30. Ba3 g6 31. Qd7 Rb8 32. Be4 Kg7 33. Qa7 Nf6 34. Bd3 Qd5 35. Bc4 Qa8 36. Qxa8 Rxa8 37. Be7 Rxa2 38. g3 Bc7 39. Kg2 Ne4 40. b4 Rxf2+ 41. Kg1 Bxg3 42. Bd3 Rxf3 43. Bxe4 Rf4 44. Bc6 Rxd4 45. b5 Bd6 46. Bd8 Bc5 47. Kg2 e5 48. Bc7 Rd2+ 49. Kf3 Bd4 50. Ke4 f5+ 51. Kd5 Kh6 52. Ke6 Kg5 53. Bd8+ Kf4 54. h4 e4 55. Bg5+ Kf3 56. Bxd2 Kf2 57. Kd5 e3 58. Bb4 Bb2 59. Kc4 e2 60. Kb3 Bd4 61. Kc4 Bc5 62. Bxc5+ bxc5 63. b6 e1Q 64. b7 Qb4+ 65. Kd5 Kg3 66. Kd6 Kxh4 67. Kc7 f4 68. b8Q Qxb8+ 69. Kxb8 c4 70. Be4 c3 71. Kb7 f3 72. Bxf3 c2 0-1

[Event "GER-ch Net Amateur Gr-A Vor1"]
[Site "Playchess.com INT"]
[Date "2020.04.14"]
[Round "1"]
[White "Binding, Andreas"]
[Black "Lantzsch, Christian"]
[Result "0-1"]
[WhiteElo "2313"]
[BlackElo "1877"]
[PlyCount "160"]
[EventDate "2020.04.14"]
[EventType "swiss (blitz)"]
[EventRounds "9"]
[EventCountry "GER"]
[SourceTitle "EXT 2021"]
[Source "ChessBase"]
[SourceDate "2020.10.23"]
[SourceVersion "1"]
[SourceVersionDate "2020.10.23"]
[SourceQuality "1"]

1. d4 d6 2. Nf3 f5 3. c4 Nf6 4. Nc3 g6 5. g3 Bg7 6. Bg2 0-0 7. 0-0 c6 8. b3 Ne4 9. Bb2 Nxc3 10. Bxc3 Nd7 11. Qc2 Nf6 12. Rad1 Ne4 13. Bb2 Bd7 14. Nd2 d5 15. f3 Nxd2 16. Qxd2 a5 17. a3 a4 18. cxd5 cxd5 19. b4 Bb5 20. Rc1 Qd7 21. Rc5 b6 22. Rc2 Rfc8 23. Rfc1 Bc4 24. e4 Bb3 25. Rxc8+ Rxc8 26. exf5 Qxf5 27. Rxc8+ Qxc8 28. Qc3 Qf5 29. h3 h5 30. Kf2 Qb1 31. h4 Bc4 32. Qd2 Kh7 33. g4 Bf6 34. Kg3 Qg1 35. gxh5 Bf1 36. hxg6+ Kg7 37. Bc1 Qxg2+ 38. Qxg2 Bxg2 39. Kxg2 Bxh4 40. Bf4 b5 41. Bd2 Kxg6 42. Kf1 Kf5 43. Ke2 Bg3 44. Kd3 Bf2 45. Bc3 Kf4 46. Ke2 Bg1 47. Bb2 Kf5 48. Bc3 Bh2 49. Bb2 Bf4 50. Kd3 Kg5 51. Ke2 Kh4 52. Kf2 Bd2 53. Ke2 Bg5 54. Kf2 Bf4 55. Kg2 Be3 56. Kf1 Kg3 57. Ke2 Bf4 58. Ba1 Bc1 59. Bc3 Bxa3 60. Kd2 Kxf3 61. Kc2 Ke2 62. Kb1 Kd1 63. Ka2 Bc1 64. Kb1 Bd2 65. Ba1 Bxb4 66. Ka2 Kd2 67. Bb2 Kd3 68. Bc1 Bc3 69. Ba3 e6 70. Bc1 b4 71. Bf4 Bxd4 72. Bc1 b3+ 73. Kb1 e5 74. Bd2 e4 75. Bc1 e3 76. Bd2 Bc5 77. Bc1 e2 78. Kb2 e1Q 79. Kb1 a3 80. Ka1 Qxc1# 0-1

[Event "GER-ch Net Amateur Gr-A Vor1"]
[Site "Playchess.com INT"]
[Date "2020.04.14"]
[Round "6"]
[White "Gypser, Andreas"]
[Black "Binding, Andreas"]
[Result "1-0"]
[WhiteElo "1990"]
[BlackElo "2255"]
[PlyCount "59"]
[EventDate "2020.04.14"]
[EventType "swiss (blitz)"]
[EventRounds "9"]
[EventCountry "GER"]
[SourceTitle "EXT 2021"]
[Source "ChessBase"]
[SourceDate "2020.10.23"]
[SourceVersion "1"]
[SourceVersionDate "2020.10.23"]
[SourceQuality "1"]

1. e4 c5 2. Nf3 d6 3. d4 cxd4 4. Qxd4 a6 5. c4 Nc6 6. Qd2 Nf6 7. Nc3 e6 8. b3 Be7 9. Bb2 0-0 10. Be2 b6 11. 0-0 Bb7 12. Rac1 Re8 13. Rfd1 Qd7 14. e5 Ng4 15. exd6 Bf6 16. h3 Nge5 17. Ne4 Nxf3+ 18. Bxf3 Bxb2 19. Qxb2 e5 20. c5 f5 21. Ng3 bxc5 22. Rxc5 e4 23. Be2 f4 24. Bc4+ Kh8 25. Nh5 f3 26. Rg5 Rg8 27. Bxg8 Rxg8 28. Nf6 gxf6 29. Qxf6+ Rg7 30. Qf8+ 1-0

[Event "GER-ch Net Amateur Gr-A Vor1"]
[Site "Playchess.com INT"]
[Date "2020.04.14"]
[Round "9"]
[White "Wolf, Christoph"]
[Black "Binding, Andreas"]
[Result "0-1"]
[WhiteElo "1898"]
[BlackElo "2218"]
[PlyCount "56"]
[EventDate "2020.04.14"]
[EventType "swiss (blitz)"]
[EventRounds "9"]
[EventCountry "GER"]
[SourceTitle "EXT 2021"]
[Source "ChessBase"]
[SourceDate "2020.10.23"]
[SourceVersion "1"]
[SourceVersionDate "2020.10.23"]
[SourceQuality "1"]

1. e4 c5 2. Nf3 d6 3. Nc3 Nf6 4. e5 dxe5 5. Nxe5 e6 6. g3 Be7 7. Bg2 0-0 8. 0-0 a6 9. a4 Nbd7 10. Nc4 Qc7 11. d3 Re8 12. Re1 Bf8 13. a5 Rb8 14. Na4 e5 15. Nab6 Nxb6 16. axb6 Qd8 17. Nxe5 Qxb6 18. Nc4 Qd8 19. Bf4 Ra8 20. Rxe8 Nxe8 21. Qf3 Ra7 22. h4 b5 23. Na5 Bd7 24. Nc6 Bxc6 25. Qxc6 h6 26. Rxa6 Rxa6 27. Qxa6 b4 28. Qb6 Qxb6 0-1